Guardians of the Galaxy Projects! - Statistics

General Stats
  • This quiz has been taken 40 times
    13 since last reset
  • The average score is 7 of 11
Answer Stats
Year Movie % Correct
2014 Guardians of the Galaxy
100%
2017 Guardians of the Galaxy Vol. 2
89%
2023 Guardians of the Galaxy Vol. 3
89%
2019 Avengers: Endgame
67%
2018 Avengers: Infinity War
67%
2022 The Guardians of the Galaxy Holiday Special
67%
2022 Thor: Love and Thunder
67%
2022 I Am Groot
44%
2023 I Am Groot: Season 2
44%
2013 Thor: The Dark World
44%
2021 What If…?
33%
No matching quizzes found
Score Distribution
Percent of People with Each Score
Percentile by Number Answered
Your Score History
You have not taken this quiz since the last reset